Az Accent Hotels rendezvény sztenderdjeinek vizsgálata és javaslattétel a fejlesztésre

Bibliographic Details
Main Author: Papp Bernadett
Other Authors: Harsányi Dr. Dávid
Format: Project work
Kulcsszavak:Rendezvény
Accent Hotels
Konkurenciaelemzés
Sztenderdizálás
Kutatás
Online Access:http://dolgozattar.uni-bge.hu/12055

MARC

LEADER 00000nnm a2200000 i 4500
001 dolg12055
005 20170627153213.0
008 170517suuuu hu o 000 hun d
040 |a BGE Dolgozattár Repozitórium  |b hun 
041 |a hu 
100 1 |a Papp Bernadett 
245 1 3 |a Az Accent Hotels rendezvény sztenderdjeinek vizsgálata és javaslattétel a fejlesztésre  |c Papp Bernadett  |h [elektronikus dokumentum] 
516 |a Project_work 
695 |a Rendezvény 
695 |a Accent Hotels 
695 |a Konkurenciaelemzés 
695 |a Sztenderdizálás 
695 |a Kutatás  
700 1 |a Harsányi Dr. Dávid  |e ths 
856 4 0 |u http://dolgozattar.uni-bge.hu/12055/1/Papp%20Bernadett.pdf  |z Dokumentum-elérés